000 00630nam a2200301Ia 4500
005 20260127113226.0
008 008 260114s9999 xx 000 0 eng d
020 _a9780367424176
037 _aTextbook
040 _aPSDL
040 _beng
040 _cPSDL
041 _2eng
041 _aeng
084 _aZ Ro
084 _qPSDL
100 _aCybil, K. V.
_91111110
245 0 _aSocial Justice
245 0 _cCybil, K. V.
260 _aLondon
260 _bRoutledge
260 _c2020
300 _a182
942 _cTB
942 _hZ Ro
999 _c1677283
_d1677283